How Do You Spell That? II Quiz Stats

 Plays Quiz Updated Sep 21, 2015

Challenge
Share
Tweet
Embed
Score 0/30 Timer 02:00
2 Plays Today
#1 Correct Word % Correct
thier???
83.3%
marriage???
83.2%
jelousy???
83.1%
spontaineous???
82.3%
quizes???
82%
parallel???
82%
corrospondence???
81.4%
synomyn???
80.8%
potatoes???
80.3%
unanamous???
79.7%
sophmore???
78.7%
aggression???
75.6%
forty???
75.3%
disappearance???
75.2%
exercise???
74.5%
#1 Correct Word % Correct
permiscuous???
74.3%
reminescence???
72.3%
heirarchy???
71.7%
temperamental???
71.3%
athiest???
71.1%
hankerchief???
71.1%
desperate???
70.6%
allegience???
69.9%
Caribbean???
69.3%
concensus???
68.5%
buoyant???
67.9%
noticeable???
66.9%
hindrance???
42.5%
battalion???
41.3%
fuchsia???
30.1%

You're not logged in!

Compare scores with friends on all Sporcle quizzes.
OR
Log In

You Might Also Like...

Show Comments

Extras

Top Quizzes Today


Score Distribution

Your Account Isn't Verified!

In order to create a playlist on Sporcle, you need to verify the email address you used during registration. Go to your Sporcle Settings to finish the process.

Report this User

Report this user for behavior that violates our Community Guidelines.

Details: